Costos para empresarios (Registro nro. 710)
[ vista simple ]
| 000 -LEADER | |
|---|---|
| fixed length control field | 02001 a2200397 4500 |
| 001 - CONTROL NUMBER | |
| control field | 16348 |
| 005 - DATE AND TIME OF LATEST TRANSACTION | |
| control field | 20260407155458.0 |
| 008 - FIXED-LENGTH DATA ELEMENTS--GENERAL INFORMATION | |
| fixed length control field | 260407a1995 arg spa d |
| 003 - CONTROL NUMBER IDENTIFIER | |
| control field | AR-UNSa-BCEJYS |
| 040 ## - CATALOGING SOURCE | |
| Original cataloging agency | AR-UNSa-BCEJYS |
| Language of cataloging | spa |
| Transcribing agency | AR-UNSa-BCEJYS |
| 080 ## - UNIVERSAL DECIMAL CLASSIFICATION NUMBER | |
| Universal Decimal Classification number | 657.47 |
| Common auxiliary subdivision | Contabilidad de Costos |
| 020 ## - INTERNATIONAL STANDARD BOOK NUMBER | |
| International Standard Book Number | 950-537-322-8 |
| 100 1# - MAIN ENTRY--PERSONAL NAME | |
| Personal name | Giménez, Carlos Manuel |
| 245 10 - TITLE STATEMENT | |
| Title | Costos para empresarios |
| 264 #1 - PRODUCTION, PUBLICATION, DISTRIBUTION, MANUFACTURE, AND COPYRIGHT NOTICE | |
| Place of production, publication, distribution, manufacture | Buenos Aires : |
| Name of producer, publisher, distributor, manufacturer | Ediciones Macchi |
| Date of production, publication, distribution, manufacture, or copyright notice | 1995 |
| 300 ## - PHYSICAL DESCRIPTION | |
| Extent | xix, 857 p. |
| Dimensions | 22 cm. |
| 505 ## - FORMATTED CONTENTS NOTE | |
| Formatted contents note | 1. Introducción al estudio de la contabilidad de costos - 2. Ciclos de la contabilidad de costos y libros - 3. Materias primas y materiales - 4. La mano de obra productiva - 5. Sistema de costos por procesos - 6. Costos en la producción conjunta - 7. Costos indirectos de fabricación o cargas fabriles ABC - 8. Costos de distribución - 9. El presupuesto operativo - 10. Costos predeterminados - 11. Costos para la toma de decisiones - 12. El punto de equilibrio - 13. El punto de equilibrio con multiproductos - 14. El punto de nivelación y las estrategias del beneficio - 15. Costos financieros - 16. Implantación de un sistema de costos en empresas de servicios - 17. tasa de rentabilidad. Evaluaciones y decisiones basadas en su uso - 18. Informes para la dirección |
| 590 ## - LOCAL NOTE (RLIN) | |
| Local note | niveau_biblio:m niveau_hierar:0 |
| 700 1# - ADDED ENTRY--PERSONAL NAME | |
| Personal name | Augusto, Roberto |
| 700 1# - ADDED ENTRY--PERSONAL NAME | |
| Personal name | Bottaro, Oscar Eduardo |
| 700 1# - ADDED ENTRY--PERSONAL NAME | |
| Personal name | Cuyumgian, Eduardo |
| 700 1# - ADDED ENTRY--PERSONAL NAME | |
| Personal name | Dominguez, Luis Martín |
| 700 1# - ADDED ENTRY--PERSONAL NAME | |
| Personal name | Ercole, Raúl A. |
| 700 1# - ADDED ENTRY--PERSONAL NAME | |
| Personal name | Espósito, Walter O. |
| 700 1# - ADDED ENTRY--PERSONAL NAME | |
| Personal name | Font de Malugani, Elba |
| 700 1# - ADDED ENTRY--PERSONAL NAME | |
| Personal name | Gallego, Arturo V. |
| 700 1# - ADDED ENTRY--PERSONAL NAME | |
| Personal name | López Couceiro, Edmundo |
| 700 1# - ADDED ENTRY--PERSONAL NAME | |
| Personal name | Macrini, Domingo |
| 700 1# - ADDED ENTRY--PERSONAL NAME | |
| Personal name | Phielipps, Edgardo A. |
| 700 1# - ADDED ENTRY--PERSONAL NAME | |
| Personal name | Rodríguez Jauregui, Hugo A. |
| 700 1# - ADDED ENTRY--PERSONAL NAME | |
| Personal name | Safarano, José M. |
| 700 1# - ADDED ENTRY--PERSONAL NAME | |
| Personal name | Wajchman, Mauricio |
| 700 1# - ADDED ENTRY--PERSONAL NAME | |
| Personal name | Yardin, Amaro Ramón |
| 856 41 - ELECTRONIC LOCATION AND ACCESS | |
| Uniform Resource Identifier | <a href="https://www.biblioeco.unsa.edu.ar/pmb/images/libros/16348.jpg">https://www.biblioeco.unsa.edu.ar/pmb/images/libros/16348.jpg</a> |
| Link text | Imagen de portada |
| Electronic format type | image/jpeg |
| 942 ## - ADDED ENTRY ELEMENTS (KOHA) | |
| Koha item type | |
| Withdrawn status | Lost status | Damaged status | Not for loan | Home library | Current library | Shelving location | Date acquired | Total checkouts | Full call number | Barcode | Date last seen | Price effective from | Koha item type | Public note |
|---|---|---|---|---|---|---|---|---|---|---|---|---|---|---|
| Biblioteca Prof. Eusebio Cleto del Rey | Biblioteca Prof. Eusebio Cleto del Rey | 07/04/2026 | 657.47 G491 | L85828 | 07/04/2026 | 07/04/2026 | Libro | PRIMERA PÁGINA UN PCOO SUELTA Y PEGADA CON CINTA - ESCRITO CON LÁPIZ - HOJAS MANCHADAS - PARTIDO EN PÁG 300 Y 556 - HÚMEDO - TAPA UNIDA CON CARTULINA | ||||||
| Biblioteca Prof. Eusebio Cleto del Rey | Biblioteca Prof. Eusebio Cleto del Rey | 07/04/2026 | 657.47 G491 | L69803 | 07/04/2026 | 07/04/2026 | Libro | HÚMEDO - PARTIDO EN PÁG 234 - SUBRAYADO CON LÁPIZ - ESCRITO CON LAPICERA EN PÁG 43, 207, 203 - HOJAS CON MANCHITAS | ||||||
| Biblioteca Prof. Eusebio Cleto del Rey | Biblioteca Prof. Eusebio Cleto del Rey | 07/04/2026 | 657.47 G491 | L85205 | 07/04/2026 | 07/04/2026 | Libro | ESCRITO CON LÁPIZ - HÚMEDO - PRIMERAS PÁGINAS CON MANCHAS | ||||||
| Biblioteca Prof. Eusebio Cleto del Rey | Biblioteca Prof. Eusebio Cleto del Rey | 07/04/2026 | 657.47 G491 | L85827 | 07/04/2026 | 07/04/2026 | Libro | ESCRITO CON LÁPIZ - PÁG 173 UN POCO SUELTA - TAPA PEGADA CON CARTULINA - HÚMEDO - CANTO MANCHADO - HOJAS CON MANCHAS | ||||||
| Biblioteca Prof. Eusebio Cleto del Rey | Biblioteca Prof. Eusebio Cleto del Rey | 07/04/2026 | 657.47 G491 | L69896 | 07/04/2026 | 07/04/2026 | Libro | RESALTADOR PÁG 458,460,468 Y 469 - SUBRAYADO CON LÁPIZ - HÚMEDO EN ESQUINA INFERIOR DERECHA - HOJAS CON MANCHITAS | ||||||
| Biblioteca Prof. Eusebio Cleto del Rey | Biblioteca Prof. Eusebio Cleto del Rey | 07/04/2026 | 657.47 G491 | L85208 | 07/04/2026 | 07/04/2026 | Libro | SUBRAYADO CON LÁPIZ - SUBRAYADO CON LAPICERA EN PÁG 459 Y 17 - UN POCO HÚMEDO - | ||||||
| Biblioteca Prof. Eusebio Cleto del Rey | Biblioteca Prof. Eusebio Cleto del Rey | 07/04/2026 | 657.47 G491 | L87964 | 07/04/2026 | 07/04/2026 | Libro | HOJAS CON PEQUEÑAS MANCHAS - SUBRAYADO CON LÁPIZ - CANTO INFERIOR HÚMEDO - PARTIDO EN PÁG 460 - PRIMERAS HOJAS MÚMEDAS Y MANCHADAS - HÚMEDO | ||||||
| Biblioteca Prof. Eusebio Cleto del Rey | Biblioteca Prof. Eusebio Cleto del Rey | 07/04/2026 | 657.47 G491 | L69806 | 07/04/2026 | 07/04/2026 | Libro | PEGADO CON CINTA EN PÁG 10 Y 830 - PEQUEÑAS MANCHAS EN ALGUNAS PÁGINAS - SUBRAYADO CON LÁPIZ - PRIMERAS PÁGINAS CON MANCHAS (LADO INFERIOR) - HÚMEDO | ||||||
| Biblioteca Prof. Eusebio Cleto del Rey | Biblioteca Prof. Eusebio Cleto del Rey | 07/04/2026 | 657.47 G491 | L85204 | 07/04/2026 | 07/04/2026 | Libro | ESCRITO CON LÁPIZ - GARABATO CON LAPICERA PÁG 96 Y 15 - MANCHADO - TAPA DESPEGADA - PEGADO CON CINTA PRIMERAS PÁGINAS - PARTIDO EN PÁG 202 - HOJA 173 SUELTA - UN POCO HÚMEDO | ||||||
| Biblioteca Prof. Eusebio Cleto del Rey | Biblioteca Prof. Eusebio Cleto del Rey | 07/04/2026 | 657.47 G491 | L69807 | 07/04/2026 | 07/04/2026 | Libro | HÚMEDO - SUBRAYADO CON LÁPIZ - HOJAS MANCHADAS - PEGADO CON CINTA PÁGINA 12 Y PRIMERA PÁGINA - CANTO CON MANCHAS | ||||||
| Biblioteca Prof. Eusebio Cleto del Rey | Biblioteca Prof. Eusebio Cleto del Rey | 07/04/2026 | 657.47 G491 | L87960 | 07/04/2026 | 07/04/2026 | Libro | LÁPIZ - UN POCO HÚMEDO (ESQUINA SUPERIOR DERECHA) | ||||||
| Biblioteca Prof. Eusebio Cleto del Rey | Biblioteca Prof. Eusebio Cleto del Rey | 07/04/2026 | 657.47 G491 | L85829 | 07/04/2026 | 07/04/2026 | Libro | PARTIDO EN PÁG 460 - SUBRAYADO CON LÁPIZ - PÁG 730 CON LAPICERA - HÚMEDO - CANTO MANCHADO - TAPA UN POCO DESPEGADA | ||||||
| Biblioteca Prof. Eusebio Cleto del Rey | Biblioteca Prof. Eusebio Cleto del Rey | 07/04/2026 | 657.47 G491 | L87961 | 07/04/2026 | 07/04/2026 | Libro | LÁPIZ - CANTO SUCIO - HOJAS CON MANCHITAS - UN POCO HÚMEDO | ||||||
| Biblioteca Prof. Eusebio Cleto del Rey | Biblioteca Prof. Eusebio Cleto del Rey | 07/04/2026 | 657.47 G491 | L87962 | 07/04/2026 | 07/04/2026 | Libro | SUBRAYADO CON LÁPIZ - HASTA PÁG 12 UN POCO SUELTAS (LADO INFERIOR) - UN POCO HÚMEDO - CANTO CON MANCHAS | ||||||
| Biblioteca Prof. Eusebio Cleto del Rey | Biblioteca Prof. Eusebio Cleto del Rey | 07/04/2026 | 657.47 G491 | L87963 | 07/04/2026 | 07/04/2026 | Libro | HÚMEDO - SUBRAYADO CON LÁPIZ - ESCRITO CON LAPICERA PÁG 13,15,19,24,27 Y 35 - CANTO MANCHADO - ALGUNAS HOJAS CON MANCHITAS |